| 000 | 00620nam a2200217 a 4500 | ||
|---|---|---|---|
| 001 | 50461 | ||
| 003 | BD-RjUL | ||
| 005 | 20211209075519.0 | ||
| 008 | 160827s1957 nyua 001 0 eng d | ||
| 035 | _a(BD-RjUL)50581 | ||
| 040 |
_aBD-RjUL _beng _cBD-RjUL _dBD-RjUL |
||
| 041 | _aeng | ||
| 082 |
_a516.36 _223 _bCRD 1957 |
||
| 100 | 1 |
_aGraustein, William C _9151182 |
|
| 245 | 1 | 0 |
_aDifferential geometry / _cWilliam C Graustein |
| 260 |
_aNew York : _bThe macmillan company, _c1957 |
||
| 300 |
_axi, 230 p. : _bill. ; _c21 cm. |
||
| 500 | _aIncludes index | ||
| 650 | 0 |
_aGeometry, Differential _9138689 |
|
| 942 |
_2ddc _cBK |
||
| 999 |
_c50461 _d50461 |
||